| 000 | 00975nam a2200289 4500 | ||
|---|---|---|---|
| 001 | 11850 | ||
| 003 | BD-RjUL | ||
| 005 | 20211208235207.0 | ||
| 008 | 140127s1962 enka 000 0 eng d | ||
| 035 |
_aCURL 980062053373(Lc ) from pwtc020 _a(BD-RjUL)11899 |
||
| 040 |
_aUkOxU _beng _cUkOxU _dBD-RjUL |
||
| 041 | _aeng | ||
| 082 | 0 | 0 |
_a548.83 _bWIX 1962 |
| 100 | 1 |
_aWilson, A. J. C. _q(Arthur James Cochran), _d1914- _933696 |
|
| 245 | 1 | 0 |
_aX-ray optics : _bthe diffraction of X-rays by finite and imperfect crystals / _cA.J.C. Wilson |
| 250 | _a[2d ed., rev. and enl.] | ||
| 260 |
_aLondon : _bMethuen, _cc1962. |
||
| 300 |
_avii, 147 p : _bill ; _c19 cm |
||
| 490 | 1 | _aMethuen's monographs on physical subjects | |
| 504 | _aIncludes bibliographical references and index | ||
| 650 | 0 |
_aCrystals _936701 |
|
| 650 | 0 |
_aX-rays _936702 |
|
| 830 | 0 |
_aMethuen's monographs on physical subjects _936707 |
|
| 942 |
_2ddc _cBK |
||
| 999 |
_c11850 _d11850 |
||